Text book of hydraulic machines (Record no. 10732)

000 -LEADER
fixed length control field 00441nam a22001817a 4500
001 - CONTROL NUMBER
control field 10732
003 - CONTROL NUMBER IDENTIFIER
control field BD-DhUET
008 - FIXED-LENGTH DATA ELEMENTS--GENERAL INFORMATION
fixed length control field 150209b xxu||||| |||| 00| 0 eng d
040 ## - CATALOGING SOURCE
Transcribing agency 0
Modifying agency BD-DhUET
082 ## - DEWEY DECIMAL CLASSIFICATION NUMBER
Classification number 621.2
Item number KHU/1985
100 ## - MAIN ENTRY--PERSONAL NAME
Personal name Khurmi, R. S.
245 ## - TITLE STATEMENT
Title Text book of hydraulic machines
250 ## - EDITION STATEMENT
Edition statement 14th ed.
260 ## - PUBLICATION, DISTRIBUTION, ETC. (IMPRINT)
Place of publication, distribution, etc. New Delhi
Name of publisher, distributor, etc. S. Chand
Date of publication, distribution, etc. 1985
300 ## - PHYSICAL DESCRIPTION
Extent vii, v.p.
Other physical details ill.
650 #0 - SUBJECT ADDED ENTRY--TOPICAL TERM
Topical term or geographic name as entry element Hydraulic Machines
942 ## - ADDED ENTRY ELEMENTS (KOHA)
Koha item type General Book
Holdings
Piece designation (barcode) Lost status Sublocation or collection (holding branch) Copy number Date acquired Withdrawn status Damaged status Price effective from Koha full call number Not for loan Koha normalized classification for sorting Source of classification or shelving scheme Koha date last seen Koha item type Shelving location Location (home branch)
64129 Central Library, BUET12015-02-09  2015-02-09621.2/KHU/1985 621_200000000000000_KHU_1985 2015-02-09General BookCirculation sectionCentral Library, BUET
64154 Central Library, BUET22015-02-09  2015-02-09621.2/KHU/1985 621_200000000000000_KHU_1985 2015-02-09General BookCirculation sectionCentral Library, BUET
64142 Central Library, BUET32015-02-09  2015-02-09621.2/KHU/1985 621_200000000000000_KHU_1985 2015-02-09General BookCirculation sectionCentral Library, BUET
56685 Central Library, BUET42015-02-09  2015-02-09621.2/KHU/1985 621_200000000000000_KHU_1985 2015-02-09General BookCirculation sectionCentral Library, BUET
64155 Central Library, BUET52015-02-09  2015-02-09621.2/KHU/1985 621_200000000000000_KHU_1985 2015-06-22General BookCirculation sectionCentral Library, BUET
64132 Central Library, BUET62015-02-09  2015-02-09621.2/KHU/1985 621_200000000000000_KHU_1985 2015-02-09General BookCirculation sectionCentral Library, BUET
64136 Central Library, BUET72015-02-09  2015-02-09621.2/KHU/1985 621_200000000000000_KHU_1985 2015-02-09General BookCirculation sectionCentral Library, BUET
64153 Central Library, BUET82015-02-09  2015-02-09621.2/KHU/1985 621_200000000000000_KHU_1985 2015-02-09General BookCirculation sectionCentral Library, BUET
64134 Central Library, BUET92015-02-09  2015-02-09621.2/KHU/1985 621_200000000000000_KHU_1985 2015-02-09General BookCirculation sectionCentral Library, BUET
64150 Central Library, BUET102015-02-09  2015-02-09621.2/KHU/1985 621_200000000000000_KHU_1985 2015-02-09General BookCirculation sectionCentral Library, BUET
64137 Central Library, BUET112015-02-09  2015-02-09621.2/KHU/1985 621_200000000000000_KHU_1985 2015-02-09General BookCirculation sectionCentral Library, BUET
64139 Central Library, BUET122015-02-09  2015-02-09621.2/KHU/1985 621_200000000000000_KHU_1985 2015-02-09General BookCirculation sectionCentral Library, BUET